| 000 | 00914nas a2200301 4500 | ||
|---|---|---|---|
| 001 | BR0903024 | ||
| 003 | BR-BrBNA | ||
| 005 | 20231205113415.0 | ||
| 007 | ta | ||
| 008 | 230509b bl.|||p| |||| 00| 00por d | ||
| 040 |
_aBR-BrBNA _bpor _cBiblioteca Nacional de Agricultura |
||
| 041 | _a(Pt) | ||
| 072 | _aL52 | ||
| 100 | 1 | _aDourado, L.R.B. | |
| 100 | 1 | _aSakomura, N.K. | |
| 100 | 1 | _aNascimento, D.C.N. do | |
| 100 | 1 | _aDorigam, J.C. | |
| 100 | 1 | _aMarcato, S.M. | |
| 100 | 1 | _aFernandes, J.B.K. | |
| 245 | 1 | _aCrescimento e desempenho de linhagens de aves pescoço pelado criadas em sistema semi-confinado | |
| 650 | _aGALINHA | ||
| 650 | _aCRESCIMENTO | ||
| 650 | _aCURVA DE CRESCIMENTO | ||
| 650 | _aCRIAÇÃO | ||
| 773 | 0 |
_tCiência e Agrotecnologia (Brazil) _xISSN 1413-7054 _g(May-Jun 2009), v. 33(3) p. 875-881 _wBR0903024 |
|
| 909 |
_a202311 _bLúcia _c55 _dLúcia Elande |
||
| 942 |
_2AGRIS _n0 _cANA |
||
| 999 |
_c203610 _d203610 |
||